Plaza de Armas de Salamanca.

Enregistré dans:
Détails bibliographiques
Auteur principal: Assler, Federico (autor)
Format: Livre
Publié: Salamanca, Chile: Bodegón Cultural de Los Vilos, 2012.
Sujets:
Tags: Ajouter un tag
Pas de tags, Soyez le premier à ajouter un tag!

MARC

LEADER 00000nam a22000007a 4500
003 CL-VaPUC
005 20230912101351.0
008 230808t2012 ||||| |||| 00| 0 eng d
999 |c 441549  |d 441547 
040 |c Pontificia Universidad Católica de Valparaíso 
082 0 4 |2 22  |a 730.983 ASS 2012 
100 1 |a Assler, Federico  |9 546510  |e autor 
245 1 0 |a Plaza de Armas de Salamanca. 
260 |a Salamanca, Chile:   |b Bodegón Cultural de Los Vilos,  |c 2012. 
300 |a sin paginación; ilustraciones. 
500 |a c.1 Donación Prof. Constanza Jarpa Luco. Memo ART 05/2023 
583 |c 20230808  |k Catalogador Asistente 
600 0 |a Assler, Federico  |9 884197  |e 1929-  |x Exposiciones 
650 1 |a Escultura chilena  |z Coquimbo  |x Exposiciones  |9 884198 
942 |2 ddc  |c BK 
952 |0 0  |1 0  |2 ddc  |4 0  |6 730_983000000000000_ASS_2012  |7 0  |8 R  |9 591191  |a BIBART  |b BIBART  |d 2023-08-08  |e Donación  |i 5658363  |o 730.983 ASS 2012  |p 5658363  |r 2025-03-13  |t 1  |w 2023-08-08  |y BK_R  |k ART